| 000 | 00558nam a2200181 4500 | ||
|---|---|---|---|
| 001 | 4897 | ||
| 005 | 20181127174346.0 | ||
| 010 | 0 | 0 | _a |
| 020 | 0 | 0 | _a9789993693123 |
| 090 | 0 | 0 | _a243.3 T197t 2015 |
| 100 | 0 | 0 | _aTashi, Khenpo Phuntsok. |
| 245 | 0 | 0 |
_aThree rising stars : _bamazing life stories of the enlightened masters of Bhutan / _cKhenpo Phuntsho Tashi. _h |
| 250 | 0 | 0 | _a1st ed. |
| 260 | 0 | 0 |
_a[Thimphu] : _bDruk Odiyana Foundation, _c2015. |
| 300 | 0 | 0 | _a245 p. ; 25 cm. |
| 500 | 0 | 0 | _aMonography 8 January 2004. |
| 650 | 0 | 0 |
_aBrug-pa lamas --Bhutan --Biography. _x |
| 999 |
_c4074 _d4074 |
||